000 00563nam a22001937a 4500
003 KOHA_MİRAKIL
005 20251209080300.0
008 251209b tu ||||| |||| 00| 0 tur d
020 _a9786059108171
040 _aTR-AnABB
_btur
_cTR-AnABB
041 _atur
082 _a305.89435
_bTUR 2015
100 1 _aTürkdoğan, Orhan,
245 1 0 _aGünümüzde aydınlıktakiler ve karanlıktakiler /
_cOrhan Türkdoğan
260 _aKonya :
_bÇizgi Kitabevi,
_c2015
300 _a640 sayfa ;
_c24 cm
650 0 4 _aSosyal gruplar
942 _2ddc
_cBK
999 _c9701
_d9701
900 _bGizem YORULMAZ